Anatomy and Physiology in Physical Education/ (Record no. 199415)
[ view plain ]
| 000 -LEADER | |
|---|---|
| fixed length control field | 00949nam a22002297a 4500 |
| 005 - DATE AND TIME OF LATEST TRANSACTION | |
| control field | 20231229151544.0 |
| 010 ## - LCCN (DPL NO) | |
| LC control number | B-756297-302 |
| 020 ## - INTERNATIONAL STANDARD BOOK NUMBER | |
| International Standard Book Number | 9788194780823 |
| Terms of availability | 900.00 |
| 035 ## - SYSTEM CONTROL NUMBER | |
| System control number | B-756297-302 |
| 037 ## - SOURCE OF ACQUISITION | |
| Stock number | BSB |
| 082 ## - DEWEY DECIMAL CLASSIFICATION NUMBER | |
| Classification number | 371.73 |
| 100 ## - MAIN ENTRY--PERSONAL NAME | |
| Personal name | Ataullah,S.K. MD |
| 245 ## - TITLE STATEMENT | |
| Title | Anatomy and Physiology in Physical Education/ |
| Statement of responsibility, etc | SK.MD. Ataullah & M.K Jagirdar at Gitte Dilip Nathrao, Nagargoje Subhash Gunaji |
| 260 ## - PUBLICATION, DISTRIBUTION, ETC. (IMPRINT) | |
| Place of publication, distribution, etc | New Delhi |
| Name of publisher, distributor, etc | Khel Sahitya kendra |
| Date of publication, distribution, etc | 2021 |
| 270 ## - ADDRESS | |
| Address | 7/26, Ansari Road, Darya Ganj |
| City | New Delhi |
| Postal code | 110002 |
| 300 ## - PHYSICAL DESCRIPTION | |
| Extent | 222p. |
| Other physical details | col.ill |
| Dimensions | 23cm(Hb) |
| 700 ## - ADDED ENTRY--PERSONAL NAME | |
| Personal name | M.K Jagirdar |
| 9 (RLIN) | 59379 |
| 700 ## - ADDED ENTRY--PERSONAL NAME | |
| Personal name | Gitte Dilip Nathrao |
| 9 (RLIN) | 59380 |
| 700 ## - ADDED ENTRY--PERSONAL NAME | |
| Personal name | Nagaroje Subhash Gunaji |
| 9 (RLIN) | 59381 |
| 942 ## - ADDED ENTRY ELEMENTS (KOHA) | |
| Source of classification or shelving scheme | Dewey Decimal Classification |
| Item type | English Books |
| Classification part | 371.73 |
| Call number suffix | ATA |
| Withdrawn status | Lost status | Not for loan | Collection code | Home library | Current library | Date acquired | Source of acquisition | Cost, normal purchase price | Full call number | Barcode | Copy number | Cost, replacement price | Koha item type |
|---|---|---|---|---|---|---|---|---|---|---|---|---|---|
| Non-fiction | Ashok Vihar | Ashok Vihar | 29/12/2023 | Bharatiya Sahitya Bhavan/IN185/29.11.23/26/.23.11.23/1.12.23 | 900.00 | 371.73 ATA | B-756298 | 1 | 900.00 | English Books | |||
| Non-fiction | Central Library | Central Library | 29/12/2023 | Bharatiya Sahitya Bhavan/IN185/29.11.23/26/.23.11.23/1.12.23 | 900.00 | 371.73 ATA | B-756297 | 1 | 900.00 | English Books | |||
| Non-fiction | Diz Area | Diz Area | 29/12/2023 | Bharatiya Sahitya Bhavan/IN185/29.11.23/26/.23.11.23/1.12.23 | 900.00 | 371.73 ATA | B-756300 | 1 | 900.00 | English Books | |||
| Non-fiction | Peshwa Road | Peshwa Road | 29/12/2023 | Bharatiya Sahitya Bhavan/IN185/29.11.23/26/.23.11.23/1.12.23 | 900.00 | 371.73 ATA | B-756299 | 1 | 900.00 | English Books | |||
| Non-fiction | Sarojini Nagar | Sarojini Nagar | 29/12/2023 | Bharatiya Sahitya Bhavan/IN185/29.11.23/26/.23.11.23/1.12.23 | 900.00 | 371.73 ATA | B-756301 | 1 | 900.00 | English Books | |||
| Non-fiction | Shahdara Branch | Shahdara Branch | 29/12/2023 | Bharatiya Sahitya Bhavan/IN185/29.11.23/26/.23.11.23/1.12.23 | 900.00 | 371.73 ATA | B-756302 | 1 | 900.00 | English Books |
